=LDR 00000nam 2200000 4500 =001 INLIS000000000045390 =005 20251210013946 =035 ##$$a 0010-011500000000216 =008 251210###########################0#ind## =020 ##$$a 978-602-8356-21-3 =040 ##$$a NBPDMAT =082 ##$$a 028.5 =090 ##$$a 028.5 $b Dop s =100 ##$$a DOPictures =245 1#$$a Seri aku tahu : $b Mengapa lampu bisa bersinar /$c Naskah do pictures =250 ##$$a Cet.1 =260 ##$$a Jakarta :$b Nobel Edumedia,$c 2008 =300 ##$$a 24 hlm. : $b ilus. ; $c 25 cm. =650 #4$$a Bacaan kanak - Kanak =850 ##$$a NBPDMAT =084 ##$$a 028.5 DOP s =990 ##$$a 21420067 =990 ##$$a 21420068 =990 ##$$a 21420070 =990 ##$$a 21420069 =990 ##$$a 21420071 =990 ##$$a 21420071 =990 ##$$a 21420067 =990 ##$$a 21420068 =990 ##$$a 21420070 =990 ##$$a 21420069